000 00414cam a22001217a 4500
008 180718b1966 xxu||||| |||| 00| 0 eng d
082 _aA81x54 In2/61/8/PT5A/2
100 _aCensus of India 1961
245 _aMadhya Pradesh: special tables for scheduled tribes
260 _aDelhi
_bThe Manager of Publications
_c1966
300 _a531+p.
440 _aCensus of India 1961. Volume VIII, Madhya Pradesh. Part V-A (ii)
999 _c484301
_d484301